| 000 | 00315nam a2200109Ia 4500 | ||
|---|---|---|---|
| 008 | 230907s9999||||xx |||||||||||||| ||und|| | ||
| 082 |
_a539.6 _bADV |
||
| 245 | 0 | _aAdvanced vibrational spectroscopy for biomedical applications / | |
| 260 |
_aRoyal Society of Chemistry (RSC), _c2016 |
||
| 300 | _a618 p. | ||
| 942 | _cBK | ||
| 999 |
_c600761 _d600761 |
||